Central Library OPAC University of Rajshahi

Democracy in world politics / (Record no. 58856)

MARC details
000 -LEADER
fixed length control field 00721nam a2200241 a 4500
001 - CONTROL NUMBER
control field 58856
003 - CONTROL NUMBER IDENTIFIER
rucl marc code BD-RjUL
005 - DATE AND TIME OF LATEST TRANSACTION
control field 20211209080650.0
008 - FIXED-LENGTH DATA ELEMENTS--GENERAL INFORMATION
fixed length control field 161220s1955 nju 000 0 eng
035 ## - SYSTEM CONTROL NUMBER
System control number (BD-RjUL)58980
040 ## - CATALOGING SOURCE
Original cataloging agency DLC
Transcribing agency OHirC
Modifying agency OUrC
-- OCoLC
-- DLC
-- BD-RjUL
Language of cataloging eng
041 ## - LANGUAGE CODE
Language code of text/sound track or separate title eng
082 00 - DEWEY DECIMAL CLASSIFICATION NUMBER
Classification number 321.8
Edition number 23
Author mark and year PED 1955
100 1# - MAIN ENTRY--PERSONAL NAME
Personal name Pearson, Lester B.
9 (RLIN) 173983
245 10 - TITLE STATEMENT
Title Democracy in world politics /
Statement of responsibility, etc. by Lester B. Pearson,
260 ## - PUBLICATION, DISTRIBUTION, ETC. (IMPRINT)
Place of publication, distribution, etc. Princeton :
Name of publisher, distributor, etc. Princeton University Press,
Date of publication, distribution, etc. 1955.
300 ## - PHYSICAL DESCRIPTION
Pagination ix, 123 p.
Size 20 cm.
490 ## - SERIES STATEMENT
Series statement Stafford Little lectures,
650 #0 - SUBJECT ADDED ENTRY--TOPICAL TERM
Topical term or geographic name as entry element Democracy
9 (RLIN) 170722
Topical term or geographic name as entry element World History
9 (RLIN) 174993
830 ## - SERIES ADDED ENTRY--UNIFORM TITLE
Uniform title Stafford Little lectures,
942 ## - ADDED ENTRY ELEMENTS (KOHA)
Source of classification or shelving scheme Dewey Decimal Classification
Koha item type Books
Holdings
Lost status Source of classification or shelving scheme Damaged status Not for loan Collection code Permanent Location Current Location Shelving location Date acquired Source of acquisition Cost, normal purchase price Total Checkouts Full call number Date last seen Copy number Koha item type
  Dewey Decimal Classification   Not For Loan Non-fiction Central Library, University of Rajshahi Central Library, University of Rajshahi Reading Room 30/11/1968 Zeitlinger 26.00   321.8 PED 1955 20/12/2016 C-1 Books